000 01066nam a2200325 a 4500
001 4734934
003 OSt
005 20210411130334.0
008 840321s1984 coua b 001 0beng
010 _a 84070852
020 _a0870810502 :
_c$19.50
040 _aDLC
_cDLC
_dDLC
043 _an-us---
050 0 0 _aR154.W2995
_bC57 1984
080 _a61(09)
_bC-59
082 0 0 _a610/.92/4
_aB
_219
100 1 _aClapesattle, Helen.
245 1 0 _aDr. Webb of Colorado Springs /
_cHelen Clapesattle.
260 _aBoulder, Colo. :
_bColorado Associated University Press,
_cc1984.
300 _axi, 507 p. :
_bill. ;
_c24 cm.
500 _aIncludes index.
504 _aBibliography: p. 485-490.
600 1 0 _aWebb, Gerald B.
_q(Gerald Bertram),
_d1871-
650 0 _aPhysicians
_zColorado
_zColorado Springs
_xBiography.
650 0 _aImmunologists
_zColorado
_zColorado Springs
_xBiography.
650 0 _aImmunology
_zUnited States
_xHistory.
740 0 _aDoctor Webb of Colorado Springs.
906 _a7
_bcbc
_corignew
_d2
_eopcn
_f19
_gy-gencatlg
942 _2udc
_cBK
999 _c93
_d93